• 首页
  • 本馆介绍
  • 公告通知
  • 最新文献
  • 馆藏检索
  • 电子资源
  • 读者导购
  • 参考咨询
  • 我的图书馆
  • 登录
  • 详细信息显示
  • 放入我的书架
  • 预约/预借图书
  • 作者相关作品
  • 分类相关作品
  • 丛书相关作品
  • 出版社相关作品

书目信息

  • 表格格式
  • 工作单格式
  • 卡片格式
题名:
梦回大元看奇案
    
 
作者: 姜正成 著
分册:  
出版信息: 长春   吉林出版社  2018
页数: 236页
开本: 24cm
丛书名: 千古奇案系列
单 册:
中图分类: K247.09
科图分类:
主题词: 中国历史--zhong guo li shi--元代--通俗读物
电子资源:
ISBN: 978-7-5581-5545-1
000 00926nam 2200277 450
001 012001011489
005 20140101163657.0
010    @a978-7-5581-5545-1@dCNY49.80
099    @aCAL 012018142528
100    @a20181106d2018 ekmy0chiy50 ea
101 0  @achi
102    @aCN@b220000
105    @ay z 000yy
106    @ar
200 1  @a梦回大元看奇案@Ameng hui da yuan kan qi an@f姜正成著
210    @a长春@c吉林出版社@d2018
215    @a236页@d24cm
225 2  @a千古奇案系列@Aqian gu qi an xi lie
330    @a本书以史实为依据,讲述了个充满谜团的元朝。为读者精心编写了元朝历史上不为人知的悬案、秘史、奇闻、惊案,还原历史真相,揭开层层谜团。
333    @a本书适用于历史爱好者
410  0 @12001 @a千古奇案系列
606 0  @a中国历史@Azhong guo li shi@z元代@j通俗读物
690    @aK247.09@v5
701  0 @a姜正成@Ajiang zheng cheng@4著
801  0 @aCN@b上海新华@c20191020
905    @b1138628-31@dK247.09@e39@f4
    
    梦回大元看奇案/姜正成著.-长春:吉林出版社,2018
    236页;24cm.-(千古奇案系列)
    使用对象:本书适用于历史爱好者
    
    ISBN 978-7-5581-5545-1:CNY49.80
    本书以史实为依据,讲述了个充满谜团的元朝。为读者精心编写了元朝历史上不为人知的悬案、秘史、奇闻、惊案,还原历史真相,揭开层层谜团。
●
相关链接 在E读中查询图书 在五车中查询图书 在当当中查询图书 在豆瓣中查询图书


正题名:梦回大元看奇案     索取号:K247.09/39         预约/预借

序号 登录号 条形码 馆藏地/架位号 状态 备注
1 1138628   211386285   第二样本阅览室/ [索取号:K247.09/39] 在馆    
2 1138629   211386294   第二借阅区/ [索取号:K247.09/39] 在馆    
3 1138630   211386301   第二借阅区/ [索取号:K247.09/39] 在馆    
4 1138631   211386310   第二借阅区/ [索取号:K247.09/39] 在馆    
唐山师范学院图书馆 欢迎您!
大连网信软件有限公司© 版权所有